[Event "CRO-ch U15 Girls"]
[Site "Trogir"]
[Date "2023.06.25"]
[Round "7"]
[White "Zagar, Lara Marija"]
[Black "Resman, Katarina"]
[Result "1-0"]
[WhiteElo "1242"]
[BlackElo "1244"]
[PlyCount "113"]
[EventDate "2023.06.21"]
[EventType "swiss"]
[EventRounds "9"]
[EventCountry "CRO"]
[SourceTitle "EXT 2024"]
[Source "ChessBase"]
[SourceDate "2023.10.10"]
[SourceVersion "1"]
[SourceVersionDate "2023.10.10"]
[SourceQuality "1"]

1. Nf3 d6 2. d4 g6 3. g3 Bg7 4. c4 f5 5. Bg2 Nf6 6. 0-0 0-0 7. Nc3 c6 8. Re1 Ne4 9. Qd3 Nxc3 10. Qxc3 c5 11. e3 Nc6 12. Qd2 cxd4 13. Nxd4 Ne5 14. Qe2 Nf7 15. f4 e5 16. Nb5 a6 17. Nc3 e4 18. Nd5 Be6 19. Qd2 Bxd5 20. Qxd5 Qc7 21. Rb1 Qc5 22. Rd1 Qxd5 23. Rxd5 Rac8 24. b3 Rc5 25. Rd2 Rfc8 26. Ba3 R5c6 27. g4 Nh6 28. gxf5 gxf5 29. Bh3 Kf7 30. Rbd1 b5 31. cxb5 axb5 32. Bxd6 Bf8 33. Bxf8 Kxf8 34. Rd6 Rc1 35. Rxc1 Rxc1+ 36. Kg2 Ng4 37. Bxg4 fxg4 38. Rd2 Rc3 39. Re2 h5 40. h3 gxh3+ 41. Kxh3 Kg7 42. Kh4 Kh6 43. f5 Rc5 44. Rf2 Rc8 45. f6 Kg6 46. f7 Rf8 47. Rf4 Rxf7 48. Rxf7 Kxf7 49. a4 bxa4 50. bxa4 Ke6 51. Kxh5 Kd5 52. Kg5 Kc4 53. Kf5 Kb4 54. Kxe4 Kxa4 55. Kd5 Kb5 56. e4 Kb6 57. Kd6 1-0

[Event "CRO-ch U13 Girls"]
[Site "Trogir"]
[Date "2022.06.22"]
[Round "2"]
[White "Zagar, Lara Marija"]
[Black "Juric, Paula"]
[Result "1-0"]
[WhiteElo "1272"]
[BlackElo "1734"]
[PlyCount "57"]
[EventDate "2022.06.22"]
[EventType "swiss"]
[EventRounds "9"]
[EventCountry "CRO"]
[SourceTitle "CBM 209 Extra"]
[Source "ChessBase"]
[SourceDate "2022.09.30"]
[SourceVersion "1"]
[SourceVersionDate "2022.09.30"]
[SourceQuality "1"]

1. e4 e5 2. Nf3 Nc6 3. d4 exd4 4. Nxd4 Qf6 5. Be3 Nxd4 6. Qxd4 Be7 7. Bc4 Qxd4 8. Bxd4 Nf6 9. e5 Ne4 10. f4 Nc5 11. Nc3 a6 12. 0-0 b6 13. f5 f6 14. b4 b5 15. Bxb5 Nb7 16. Bc4 Bxb4 17. exf6 gxf6 18. Rae1+ Kf8 19. Bxf6 Bxc3 20. Bxc3 Nd6 21. Bxh8 Nxc4 22. Rf4 d5 23. f6 Bd7 24. Re7 Nb6 25. Bg7+ Kg8 26. f7+ Kxg7 27. f8Q+ Kg6 28. Qf6+ Kh5 29. Rxh7# 1-0

[Event "CRO-ch U11 Girls"]
[Site "Trogir"]
[Date "2019.06.20"]
[Round "6"]
[White "Gretic, Tina"]
[Black "Zagar, Lara Marija"]
[Result "1-0"]
[WhiteElo "1151"]
[BlackElo "1676"]
[PlyCount "55"]
[EventDate "2019.06.17"]
[EventType "swiss"]
[EventRounds "9"]
[EventCountry "CRO"]
[SourceTitle "EXT 2020"]
[Source "ChessBase"]
[SourceDate "2019.10.17"]
[SourceVersion "1"]
[SourceVersionDate "2019.10.17"]
[SourceQuality "1"]

1. e4 c5 2. Nf3 d6 3. d4 cxd4 4. Nxd4 Nf6 5. Nc3 a6 6. h3 e6 7. Nf3 Be7 8. Bf4 Nbd7 9. Bd3 Qc7 10. 0-0 0-0 11. Re1 b5 12. a3 Bb7 13. Nd2 Rac8 14. Re3 Rfe8 15. Rg3 Kh8 16. Bg5 Bf8 17. Bxf6 Nxf6 18. Qe2 d5 19. Qe3 h6 20. f4 Nh5 21. Rf3 Nxf4 22. Raf1 Re7 23. Kh1 Nh5 24. Nxd5 Bxd5 25. exd5 Nf6 26. Rxf6 gxf6 27. Qe4 Kg8 28. Qh7# 1-0

[Event "CRO-ch U11 Girls"]
[Site "Trogir"]
[Date "2019.06.17"]
[Round "1"]
[White "Zagar, Lara Marija"]
[Black "Hajdinic, Ema"]
[Result "1/2-1/2"]
[WhiteElo "1676"]
[BlackElo "1608"]
[PlyCount "79"]
[EventDate "2019.06.17"]
[EventType "swiss"]
[EventRounds "9"]
[EventCountry "CRO"]
[SourceTitle "EXT 2020"]
[Source "ChessBase"]
[SourceDate "2019.10.17"]
[SourceVersion "1"]
[SourceVersionDate "2019.10.17"]
[SourceQuality "1"]

1. e4 e5 2. Nf3 Nc6 3. d4 exd4 4. Nxd4 Nf6 5. Nc3 Bb4 6. Qd3 0-0 7. Bd2 Bxc3 8. Bxc3 Nxe4 9. Be2 Re8 10. Bd2 Qf6 11. Be3 d5 12. 0-0 Bf5 13. Qd1 Re7 14. Bf3 Ne5 15. Nxf5 Qxf5 16. Kh1 c6 17. Qe2 Nxf3 18. Qxf3 Qxf3 19. gxf3 Nd6 20. Bc5 Rd7 21. Rfe1 b6 22. Bxd6 Rxd6 23. Re7 Re6 24. Re1 Rxe1+ 25. Rxe1 Kf8 26. Kg2 Re8 27. Re3 g5 28. Kg3 f5 29. f4 Rxe3+ 30. fxe3 g4 31. Kh4 Kf7 32. Kg5 Ke6 33. Kh6 c5 34. Kxh7 d4 35. exd4 cxd4 36. Kg6 a6 37. Kg5 b5 38. Kg6 a5 39. Kg5 b4 40. b3 1/2-1/2